000 00680nam a2200229 a 4500
001 BRL_1858
005 20190320211411.0
008 100815s1946----mx-#######---#000-0#spa-#
041 _aspa
044 _amx
050 4 _aGN17
_b.L69 1946
100 1 _aLowie, Robert Harry
_d1883-1957
_928062
245 1 0 _aHistoria de la etnología
_cRobert H. Lowie : versión española Paul Kirchhoff.
260 _aMéxico
_bFondo de Cultura Económica
_c1946
300 _a355 p.
_c22 cm.
440 0 _aSección de obras de antropología
_928063
500 _aAu2086
650 1 4 _aEtnología
_xHistoria
_925911
700 1 _aKirchhoff, Paul
_etr.
_99833
902 _aGRL
942 _2lcc
_cB
999 _c10666
_d10666